Quality management systems for small and medium sized building companies (Record no. 93702)

MARC details
000 -LEADER
fixed length control field 00640cam a2200229 4500
001 - CONTROL NUMBER
control field B3431
008 - FIXED-LENGTH DATA ELEMENTS--GENERAL INFORMATION
fixed length control field 090401t1990 xxu||||| |||| 00| 0 eng d
035 ## - SYSTEM CONTROL NUMBER
System control number (Sirsi) u56002
041 ## - LANGUAGE CODE
Language code of text/sound track or separate title eng
050 ## - LIBRARY OF CONGRESS CALL NUMBER
Classification number 690.3
100 ## - MAIN ENTRY--PERSONAL NAME
Personal name Hodgkinson, Martin P
245 ## - TITLE STATEMENT
Title Quality management systems for small and medium sized building companies
260 ## - PUBLICATION, DISTRIBUTION, ETC.
Place of publication, distribution, etc. Ascot,Berks
Name of publisher, distributor, etc. Chartered Institute of Building
Date of publication, distribution, etc. 1990
300 ## - PHYSICAL DESCRIPTION
Extent 10p. : ill. ; 30cm.
350 ## - PRICE (NR) (BK AM CF MU VM SE) [OBSOLETE]
Price 45
490 ## - SERIES STATEMENT
Series statement Technical Information Service
Volume/sequential designation 123
650 ## - SUBJECT ADDED ENTRY--TOPICAL TERM
Topical term or geographic name entry element BUILDING INDUSTRY
650 ## - SUBJECT ADDED ENTRY--TOPICAL TERM
Topical term or geographic name entry element QUALITY ASSURANCE
650 ## - SUBJECT ADDED ENTRY--TOPICAL TERM
Topical term or geographic name entry element SIMONS GROUP
942 ## - ADDED ENTRY ELEMENTS (KOHA)
Suppress in OPAC 0
948 ## - LOCAL PROCESSING INFORMATION (OCLC); SERIES PART DESIGNATOR (RLIN)
c (OCLC) 04/03/1997
Holdings
Withdrawn status Lost status Source of classification or shelving scheme Damaged status Not for loan Home library Current library Shelving location Date acquired Cost, normal purchase price Total Checkouts Full call number Barcode Date last seen Copy number Cost, replacement price Price effective from Koha item type
    Dewey Decimal Classification     London London Enquiry desk 11/12/1992 45.00   BOXED SET 30030871 06/08/2019 1 45.00 06/08/2019 Book